000 00532cam a22002051 4500
001 sa 64006161
003 DLC
005 20260227112037.0
008 750521s1953 xx 000 0 eng
010 _asa 64006161
035 _a(OCoLC)1349354
040 _aDLC
_cNSyU
_dDLC
042 _apremarc
050 0 0 _aT12.5.I5
_bB8
245 0 0 _aBusiness houses in India.
260 _aNew Delhi
_c[1953?]
300 _a263 p.
_billus.
_c25 cm.
650 0 _aIndustries
_zIndia
_vDirectories.
651 0 _aIndia
_xCommerce
_vDirectories.
999 _c59547
_d59547